La cooperación regional en el marco del SELA: elementos para una reflexión innovadora

Сохранить в:
Библиографические подробности
Соавтор: SELA
Формат: Текст
Опубликовано: Caracas: SELA
Метки: Добавить метку
Нет меток, Требуется 1-ая метка записи!

MARC

LEADER 00000 a a2200000 04500
001 24185
003
040
090 |a 177200  
110 |a SELA  
245 |a La cooperación regional en el marco del SELA: elementos para una reflexión innovadora  
260 |a Caracas:   |b SELA  
300 |a 14 p.  
999 |c 2643  |d 2643